000 00628nam a2200253 a 4500
001 adlib96000001
003 ViArRB
005 200902210153555.7
008 960221s1955 dcuabcdjdbkoqu001 0deng d
020 _a
022 _a
040 _aAdlib
082 _a
245 _aMulppatarppum Pukkulayum
250 _a
260 _aKottayam
_bS.P.C.S
_c1968
300 _a169p.
_c
500 _a
100 _aCellappannayar, N.P.
_e
700 _a
_a
942 _cBK
653 _aMulppatarppum Pukkulayum
952 _w2010-06-19
_pH0002106
_r2010-06-19
_40
_00
_bUL
_10
_oFM CEL/MU
_d2010-06-19
_70
_yBK
_aUL
999 _c64065
_d64064